Sports Quiz

Random Sports or Football Quiz

Irish Internationals outside the British Isles Quiz Stats

 Plays Quiz not verified by Sporcle

Challenge
Share
Tweet
Embed
Score 0/99 Timer 10:00
1 Play Today
% Correct
Robbie Keane
97.6%
Robbie Keane
97.6%
Liam Brady
60.7%
John Aldridge
60.7%
Aiden McGeady
59.5%
Tony Cascarino
59.5%
Cillian Sheridan
59.5%
Ian Harte
51.2%
Darren O'Dea
47.6%
Cillian Sheridan
46.4%
Phil Babb
41.7%
Frank Stapleton
39.3%
Frank Stapleton
39.3%
Frank Stapleton
39.3%
Darren O'Dea
39.3%
Tony Dunne
38.1%
Pat Dunne
38.1%
Michael Doyle
38.1%
Denis Doyle
38.1%
John O'Shea
35.7%
Pierce O'Leary
35.7%
Fran O'Brien
35.7%
Andy O'Brien
35.7%
Mick McCarthy
33.3%
Kevin Moran
32.1%
Johnny Giles
32.1%
Terry Phelan
28.6%
Terry Phelan
28.6%
Liam Miller
28.6%
Steve Finnan
27.4%
David Connolly
27.4%
Jerry Murphy
26.2%
Pat Byrne
25%
% Correct
John Byrne
25%
Michael Robinson
22.6%
John O'Neill
21.4%
Darron Gibson
21.4%
Don Givens
17.9%
Caleb Folan
17.9%
Caleb Folan
17.9%
Liam Lawrence
14.3%
Mark Lawrenson
14.3%
Mike Walsh
13.1%
Mickey Walsh
13.1%
Billy Walsh
13.1%
Dominic Foley
13.1%
Dominic Foley
13.1%
Dominic Foley
13.1%
Mick Martin
10.7%
Gerry Daly
10.7%
Christy Martin
9.5%
Steve Heighway
9.5%
Maurice Daly
9.5%
Joseph Lapira
8.3%
Joseph Lapira
8.3%
Joseph Lapira
8.3%
Alan Mahon
7.1%
Gary Waddock
6%
Eoin Hand
6%
Noel Campbell
6%
Alan Campbell
6%
Alan Campbell
6%
Peter Thomas
4.8%
Eamonn O'Keefe
4.8%
Ashley Grimes
4.8%
Liam Buckley
4.8%
% Correct
Liam Buckley
4.8%
Liam Buckley
4.8%
Liam Buckley
4.8%
Ray Treacy
3.6%
Ronnie Nolan
3.6%
Paddy Mulligan
3.6%
Terry Mancini
3.6%
Peter Fitzgerald
3.6%
Tom Davis
3.6%
Terry Conroy
3.6%
Jacko McDonagh
2.4%
Jacko McDonagh
2.4%
Austin Hayes
2.4%
John Devine
2.4%
John Devine
2.4%
John Dempsey
2.4%
Paddy Sloan
1.2%
Paddy Sloan
1.2%
Terry Donovan
1.2%
Jimmy Conway
1.2%
Liam Munroe
0%
Paul McGee
0%
Paul McGee
0%
Tommy McConville
0%
Jimmy Holmes
0%
Joe Haverty
0%
Eamonn Gregg
0%
Bobby Gilbert
0%
Johnny Fullam
0%
Bob Fullam
0%
Harry Chatton
0%
Eric Barber
0%
Eric Barber
0%

You're not logged in!

Compare scores with friends on all Sporcle quizzes.
Join for Free
OR
Log In

You Might Also Like...

Show Comments

Extras

Top Quizzes Today


Score Distribution

Your Account Isn't Verified!

In order to create a playlist on Sporcle, you need to verify the email address you used during registration. Go to your Sporcle Settings to finish the process.

Report this User

Report this user for behavior that violates our Community Guidelines.

Details: